Por trás do nevoeiro (Record no. 161276)

MARC details
000 -LÍDER
campo de controle de tamanho fixo 00366 a2200169 4500
001 - NÚMERO DE CONTROLE
campo de controle 161276
020 ## - ISBN - INTERNATIONAL STANDARD BOOK NUMBER
ISBN - International Standard Book Number 85-262-1927-8
040 ## - FONTE DA CATALOGAÇÃO
Instituição que transcreveu o registro Magnum
100 ## - ENTRADA PRINCIPAL--NOME PESSOAL
Nome pessoal Carr, Stella
240 10 - TÍTULO UNIFORME
Título uniforme Por trás do nevoeiro
Idioma da obra por
245 10 - TÍTULO
Título Por trás do nevoeiro
300 ## - DESCRIÇÃO FÍSICA
Extensão 88
362 0# - DATAS DE PUBLICAÇÃO E/OU DESIGNAÇÃO SEQUENCIAL
Datas de publicação e/ou designação sequencial 1992
440 #1 - DECLARAÇÃO DE SÉRIE/ENTRADA ADICIONADA--TÍTULO
Título Scipione
697 ## - ENTRADA DE ASSUNTO LOCAL--ENTIDADE COLETIVA (RLIN)
Nome corporativo ou nome da jurisdição LITERATURA INFANTO-JUVENIL
942 ## - ELEMENTOS DE ENTRADA ADICIONADOS (KOHA)
Tipo de material Koha Livros
Holdings
Situação do descarte Situação das perdas Situação física Não pode ser emprestado Biblioteca de origem Biblioteca atual Data de aquisição Total de empréstimos Número de chamada completo Código de barras Data de último acesso Data do preço efetivo Tipo de material Koha
        Magnum Magnum 08/06/2024   869.2.671 MAG00003579 08/06/2024 08/06/2024 Livros
        Magnum Magnum 08/06/2024   869.2.671 MAG00003580 08/06/2024 08/06/2024 Livros
        Magnum Magnum 08/06/2024   869.2.671 MAG00003581 08/06/2024 08/06/2024 Livros
        Magnum Magnum 08/06/2024   869.2.671 MAG00003582 08/06/2024 08/06/2024 Livros
        Magnum Magnum 08/06/2024   869.2.671 MAG00003583 08/06/2024 08/06/2024 Livros
        Magnum Magnum 08/06/2024   869.2.671 MAG00003584 08/06/2024 08/06/2024 Livros
        Magnum Magnum 08/06/2024   869.2.671 MAG00003585 08/06/2024 08/06/2024 Livros
        Magnum Magnum 08/06/2024   869.2.671 MAG00003586 08/06/2024 08/06/2024 Livros
        Magnum Magnum 08/06/2024   869.2.671 MAG00003587 08/06/2024 08/06/2024 Livros
        Magnum Magnum 08/06/2024   869.2.671 MAG00003588 08/06/2024 08/06/2024 Livros
        Magnum Magnum 08/06/2024   869.2.671 MAG00003589 08/06/2024 08/06/2024 Livros